| 000 | 00376nam a22001457a 4500 | ||
|---|---|---|---|
| 999 |
_c7831 _d7831 |
||
| 003 | OSt | ||
| 005 | 20200522154516.0 | ||
| 008 | 200522b ||||| |||| 00| 0 eng d | ||
| 020 | _a9781138392748 | ||
| 082 | _a720.71OZK | ||
| 245 | _aRethinking basic design in architectural education : foundations past and future | ||
| 250 | _a1st ed. | ||
| 260 | _bRoutledge; | ||
| 942 | _2ddc | ||